000 00511nam a2200205Ia 4500
005 20240823032516.0
008 240823s9999||||xx |||||||||||||| ||und||
020 _a978-0-19-958247-1
041 _aENGLISH
082 _A658.4063 P9
100 _a"Conway,Steve"
245 0 _aManaging and Shaping Innovation
250 _a1st
260 _c2009
_bOxford University
500 _aYES
650 _aManaging Diversity
_bManagement Studies
700 _a" Steward,Fred"
942 _cBK
999 _c193600
_d193600